Effect of nitrogen(n) and nulching on mungbean (vigna radiata ) grown after wet season rice in prateah land soil, ប្រសិទ្ធភាពនៃជីអាសូត( N ) និងគម្របចំបើងលើដំណាំសណ្ដែកបាយ ( Vigna radiata ) ដាំបន្ទាប់ពីស្រូវវស្សា នៅលើក្រុមដីប្រទះឡាង (Record no. 7794)
[ view plain ]
| 000 -LEADER | |
|---|---|
| fixed length control field | 00698nam a22001337a 4500 |
| 003 - CONTROL NUMBER IDENTIFIER | |
| control field | OSt |
| 005 - DATE AND TIME OF LATEST TRANSACTION | |
| control field | 20160324101736.0 |
| 008 - FIXED-LENGTH DATA ELEMENTS--GENERAL INFORMATION | |
| fixed length control field | 160324b xxu||||| |||| 00| 0 eng d |
| 040 ## - CATALOGING SOURCE | |
| Transcribing agency | RUA |
| 082 ## - DEWEY DECIMAL CLASSIFICATION NUMBER | |
| Classification number | AGR TRY 2011 B472 Or.1 |
| 245 ## - TITLE STATEMENT | |
| Title | Effect of nitrogen(n) and nulching on mungbean (vigna radiata ) grown after wet season rice in prateah land soil, ប្រសិទ្ធភាពនៃជីអាសូត( N ) និងគម្របចំបើងលើដំណាំសណ្ដែកបាយ ( Vigna radiata ) ដាំបន្ទាប់ពីស្រូវវស្សា នៅលើក្រុមដីប្រទះឡាង |
| 300 ## - PHYSICAL DESCRIPTION | |
| Extent | x,38p. |
| Other physical details | ill. |
| Dimensions | 29cm. |
| 942 ## - ADDED ENTRY ELEMENTS (KOHA) | |
| Source of classification or shelving scheme | |
| Koha item type | AGR |
| Price effective from | Date last seen | Permanent Location | Not for loan | Date acquired | Source of classification or shelving scheme | Koha item type | Lost status | Withdrawn status | Date last checked out | Total Checkouts | Shelving location | Damaged status | Barcode | Current Location | Full call number |
|---|---|---|---|---|---|---|---|---|---|---|---|---|---|---|---|
| 2016-03-24 | 2018-09-25 | Library Block B | 2016-03-24 | AGR | 2018-09-12 | 2 | B472 | RUA058382 | Library Block B | AGR TRY 2011 B472 Or.1 |